[Event "Plzen A1 12th"]
[Site "Plzen"]
[Date "2024.02.23"]
[Round "8"]
[White "Delgerdalai, Bayarjavkhlan"]
[Black "Gramb, Marius"]
[Result "1-0"]
[WhiteElo "2269"]
[BlackElo "2175"]
[PlyCount "119"]
[EventDate "2024.02.17"]
[EventType "tourn"]
[EventRounds "9"]
[EventCountry "CZE"]
[EventCategory "1"]
[SourceTitle "CBM 218 Extra"]
[Source "ChessBase"]
[SourceDate "2024.03.31"]
[SourceVersion "1"]
[SourceVersionDate "2024.03.31"]
[SourceQuality "1"]

1. e4 c6 2. d4 d5 3. exd5 cxd5 4. c4 Nf6 5. Nc3 Nc6 6. c5 g6 7. Nf3 Bg7 8. Bb5 0-0 9. h3 Ne4 10. Bxc6 Nxc3 11. bxc3 bxc6 12. 0-0 Qa5 13. Bd2 Qa6 14. Bf4 Bf5 15. Re1 Rae8 16. Re3 f6 17. Qe1 Kf7 18. g4 Be4 19. Nd2 Bd3 20. Re6 Qc8 21. Re3 Qa6 22. Kg2 Rh8 23. Rc1 h5 24. f3 Bh6 25. Bxh6 Rxh6 26. g5 Rhh8 27. Qg3 Bf5 28. gxf6 Kxf6 29. Rce1 Qc8 30. h4 Kf7 31. Qe5 e6 32. f4 Qb8 33. Nf3 Qxe5 34. Nxe5+ Kf6 35. Nxc6 Rh7 36. R3e2 Rb7 37. Kf2 Rc8 38. Ne5 a5 39. c6 Rb5 40. Rc1 a4 41. c4 Rb4 42. cxd5 exd5 43. Ke3 Be4 44. Rc5 Ra8 45. Re1 Rb2 46. Rec1 Ke7 47. c7 Rc8 48. Nc6+ Kd7 49. Na7 Rxa2 50. Nxc8 Kxc8 51. Ra5 Rc2 52. Rxc2 Bxc2 53. Rxd5 Bb3 54. Rc5 a3 55. d5 a2 56. d6 a1Q 57. d7+ Kxd7 58. c8Q+ Ke7 59. Rc7+ Kd6 60. Qd7# 1-0

[Event "Plzen A1 12th"]
[Site "Plzen"]
[Date "2024.02.18"]
[Round "2"]
[White "Delgerdalai, Bayarjavkhlan"]
[Black "Folk, Petr"]
[Result "1-0"]
[WhiteElo "2269"]
[BlackElo "2073"]
[PlyCount "55"]
[EventDate "2024.02.17"]
[EventType "tourn"]
[EventRounds "9"]
[EventCountry "CZE"]
[EventCategory "1"]
[SourceTitle "CBM 218 Extra"]
[Source "ChessBase"]
[SourceDate "2024.03.31"]
[SourceVersion "1"]
[SourceVersionDate "2024.03.31"]
[SourceQuality "1"]

1. e4 c5 2. Nf3 e6 3. d4 cxd4 4. Nxd4 a6 5. c4 Nf6 6. Nc3 Qc7 7. Be2 b6 8. Be3 Bb7 9. Qc2 Bb4 10. 0-0 Bxc3 11. Qxc3 Nxe4 12. Nb5 Nxc3 13. Nxc7+ Kd8 14. Nxa8 Nxe2+ 15. Kh1 Bxa8 16. Rfe1 b5 17. cxb5 Nc3 18. bxc3 axb5 19. Rab1 Bd5 20. a4 Ke7 21. axb5 Rc8 22. Rec1 d6 23. b6 Nd7 24. c4 Bb7 25. Ra1 Nc5 26. Ra7 Rb8 27. Bxc5 dxc5 28. Rd1 1-0

[Event "Plzen A1 12th"]
[Site "Plzen"]
[Date "2024.02.17"]
[Round "1"]
[White "Delgerdalai, Bayarjavkhlan"]
[Black "Gorkiewicz, Mateusz"]
[Result "1-0"]
[WhiteElo "2269"]
[BlackElo "2184"]
[PlyCount "93"]
[EventDate "2024.02.17"]
[EventType "tourn"]
[EventRounds "9"]
[EventCountry "CZE"]
[EventCategory "1"]
[SourceTitle "CBM 218 Extra"]
[Source "ChessBase"]
[SourceDate "2024.03.31"]
[SourceVersion "1"]
[SourceVersionDate "2024.03.31"]
[SourceQuality "1"]

1. e4 e5 2. Nf3 Nc6 3. Bb5 a6 4. Ba4 Nf6 5. 0-0 Nxe4 6. d4 b5 7. Bb3 d5 8. dxe5 Be6 9. Nbd2 Nc5 10. c3 d4 11. Bxe6 Nxe6 12. cxd4 Ncxd4 13. Ne4 Be7 14. Be3 Nf5 15. Qc2 0-0 16. Nf6+ Bxf6 17. Qxf5 Be7 18. Rfd1 Qc8 19. Qe4 Rd8 20. g4 c5 21. b3 Ra7 22. Rxd8+ Qxd8 23. Kg2 Qc8 24. a4 Rb7 25. h3 c4 26. axb5 axb5 27. bxc4 bxc4 28. Nd2 c3 29. Nc4 Rb8 30. Rc1 Rb3 31. Nb6 Qb8 32. Ra1 Bf8 33. Ra8 Qc7 34. Nd5 Qd7 35. Ra7 Qb5 36. Qf3 Nd8 37. Rc7 h6 38. Qe4 Qa5 39. Qc4 Rb5 40. Ra7 Rc5 41. Bxc5 Qxc5 42. Qxc5 Bxc5 43. Ra4 Ne6 44. f4 Bd4 45. Rc4 c2 46. Rxc2 g5 47. f5 1-0